Представление документа в формате RUSMARC

ПолеНазваниеЗначение
  Тип записи i
  Библиографический уровень m
001 Контрольный номер RU/IS/BASE/303494604
005 Дата корректировки 20201206204648.0
010 Индекс ISBN __
d Цена 161-22
101 Язык документа __
a Язык текста rus
c Язык оригинала rus
200 Заглавие и сведения об ответственности 1_
a Заглавие Бесприданница ; Гроза
e Сведения, относящиеся к заглавию [пьесы : аудиокнига]
f Первые сведения об ответственности А. Н. Островский ; читает Александр Анлриенко
b Общее обозначение материала Звукозапись
210 Выходные данные __
a Место издания М.
c Издательство Равновесие
c Издательство Аудиокнига
d Дата издания 2007
215 Физическое описание __
a Объем 1 электрон. опт. диск (Audio CD) (4 ч. 40 мин.)
225 Серия __
a Серия Русская классика
225 Серия __
a Серия CD - слушай!
225 Серия __
a Серия Аудиокнига MP3
300 Общие примечания __
a Общие примечания процессор Pentium-II ; память 256 МБ ОЗУ ; дисковод CD/DVD-ROM ; Windows 98/2000/XP ; звуковая карта ; колонки ; наушники ; аудиосистемы с поддержкой формата MP3 ; AudioCD ; Техн. поддержка support@ravnovesie.com. - Аудиокн. содерж. звуковые файлы и электрон. текст произведений
323 Примечание о главных создателях, исполнителях, участниках __
a Примечание о главных создателях, исполнителях, участниках Андриенко, А. (читает)
330 Аннотация __
a Аннотация История отчаявшейся нежной души, история любви беззащитной женщины в мире несостоятельных мужчин.
333 Примечание о целевом назначении __
a Примечание о целевом назначении 16+. Для детей старше 16 лет
606 Тематические рубрики __
a Основная рубрика Художественная литература
606 Тематические рубрики __
a Основная рубрика Русская литература XIX в. (произведения)
610 Ключевые слова __
a Ключевые слова пьесы; трагедии; тема женщины; тема любви; Лариса Огудалова; Сергей Паратов; литературные герои; литературные персонажи; классическая литература; тема предательства
686 Индексы других классификаций __
a Классификационный индекс ст84(2Рос=Рус)1-6я0
700 Автор _1
a Фамилия Островский
b Имя А. Н.
g Полное личное имя Александр Николаевич
4 Код отношения 070
801 Источник записи _0
a Страна RU
b Организация Муниципальное бюджетное учреждение культуры "Централизованная библиотечная система" г. Сургут (Центральная городская библиотека им. А. С. Пушкина)
g Правила каталогизации КиК/Поспелова
801 Источник записи _1
a Страна RU
b Организация Муниципальное бюджетное учреждение культуры "Централизованная библиотечная система" г. Сургут (Центральная городская библиотека им. А. С. Пушкина)
g Правила каталогизации КиК/Поспелова
852 Данные о местонахождении __
j Шифр хранения ст84(2Рос=Рус)1-6я0
c Каталожный индекс ст84(2Рос=Рус)1-6я04
i Авторский знак О-77
901 Тип документа __
t Тип документа 0
903 Характеристики (МАРС) __
a Дата передачи 20090821
969 Тип издания __
a Тип издания аудиокнига; сборник
990 Данные о заказе (DOS) __
j Количество экземпляров (DOS) 5
h N записи в КСУ для Б/У (DOS) 200908